L'altra concòrdia : I altres textos sobre el catalanisme / Jaume Bofill i Mates ; edició a cura de Jordi Casassas I altres textos sobre el catalanisme / Jaume Bofill i Mates ; edició a cura de Jordi Casassas
Descripción Física:
XXX, [1] f., 157 p., [4] f. ; 20 cm
Otros Autores:
Casassas, Jordi, 1948-
Materias:
Nacionalisme -- Catalunya
MARC
| LEADER | 00000nam a2200000Ia 4500 | ||
|---|---|---|---|
| 001 | 1245 | ||
| 008 | 160829s1983 xx 000 0 cat d | ||
| 080 | |a M-2-226 | ||
| 100 | |a Bofill i Mates, Jaume |9 26461 | ||
| 245 | |a L'altra concòrdia : |b I altres textos sobre el catalanisme / Jaume Bofill i Mates ; edició a cura de Jordi Casassas | ||
| 260 | |a Barcelona : |b La Magrana : |b Diputació de Barcelona, |c 1983 | ||
| 300 | |a XXX, [1] f., 157 p., [4] f. ; |c 20 cm | ||
| 490 | |a Biblioteca dels clàssics del nacionalisme català ; 4 | ||
| 650 | 0 | |a Nacionalisme |z Catalunya |9 11008 | |
| 700 | |a Casassas, Jordi, |d 1948- |9 50016 | ||
| 901 | |a Arxiu | ||
| 942 | |n 1 | ||
| 952 | |0 0 |1 0 |4 0 |6 M2226 |7 1 |9 44090 |a Arxiu |b Arxiu |d 2016-12-01 |l 0 |o M-2-226 |p 1245 |r 2016-12-01 00:00:00 |w 2016-12-01 |y ARXIU | ||
| 999 | |c 46670 |d 46670 | ||